000
00186 a2200097 4500
020
_a
9780021793051
041
_a
eng
100
_a
VIRGINIA A. ARNOLD
245
2
_a
A RHYMING GAME
942
_c
BK
999
_c
210
_d
210